Los Usos del clasico / (Record no. 8067)

MARC details
000 -LEADER
campo de control de longitud fija 00784nam a2200265 i 4500
001 - NÚMERO DE CONTROL
campo de control 8067
003 - IDENTIFICADOR DE NÚMERO DE CONTROL
campo de control ES-MaACL
005 - FECHA Y HORA DE LA ÚLTIMA TRANSACCIÓN
campo de control 20250830052205.0
007 - CAMPO FIJO DE DESCRIPCIÓN FÍSICA--INFORMACIÓN GENERAL
campo de control de longitud fija t|
008 - DATOS DE LONGITUD FIJA--INFORMACIÓN GENERAL
campo de control de longitud fija 910623s1991 sp ||||1| spa d
020 ## - NÚMERO INTERNACIONAL ESTÁNDAR DEL LIBRO
Número Internacional Estándar del Libro 84-7658-267-6
080 ## - NÚMERO DE LA CLASIFICACIÓN DECIMAL UNIVERSAL
Número de la Clasificación Decimal Universal 8.091
100 1# - ENTRADA PRINCIPAL--NOMBRE DE PERSONA
Nombre de persona Resina, Joan Ramon,
Fechas asociadas al nombre 1956-
9 (RLIN) 96325
245 14 - MENCIÓN DEL TÍTULO
Título Los Usos del clasico /
Mención de responsabilidad, etc. Joan Ramon Resina.
250 ## - MENCION DE EDICION
Mención de edición 1a ed.
260 ## - PUBLICACIÓN, DISTRIBUCIÓN, ETC.
Lugar de publicación, distribución, etc. Barcelona :
Nombre del editor, distribuidor, etc. Anthropos,
Fecha de publicación, distribución, etc. 1991.
300 ## - DESCRIPCIÓN FÍSICA
Extensión 349 p. ;
Dimensiones 20 cm.
490 1# - MENCIÓN DE SERIE
Mención de serie Ambitos literarios. Ensayo ;
Designación de volumen o secuencia 36
650 17 - PUNTO DE ACCESO ADICIONAL DE MATERIA--TÉRMINO DE MATERIA
Término de materia o nombre geográfico como elemento de entrada Literatura comparada
Fuente del encabezamiento o término embne
9 (RLIN) 14528
650 17 - PUNTO DE ACCESO ADICIONAL DE MATERIA--TÉRMINO DE MATERIA
Término de materia o nombre geográfico como elemento de entrada Literatura clásica
Fuente del encabezamiento o término embne
9 (RLIN) 14524
830 00 - PUNTO DE ACCESO ADICIONAL DE SERIE-TÍTULO UNIFORME
Título uniforme Ámbitos literarios.
Nombre de parte o sección de la obra Ensayo
Designación de volumen o secuencia 36
9 (RLIN) 236239
852 ## - LOCALIZACIÓN
Ubicación ES-MaACL
Número de control de estantería L-15327
Sublocalización o colección R.119233
Nota libre . - rust.0
942 ## - ELEMENTOS DE ENTRADA SECUNDARIOS (KOHA)
Fuente del sistema de clasificación o colocación Clasificación decimal universal
Holdings
Estatus retirado Estado de pérdida Estado de daño No para préstamo Biblioteca de origen Biblioteca actual Ubicación en estantería Fecha de adquisición Fuente de adquisición Total de préstamos Signatura topográfica completa Código de barras Visto por última vez Precio de reemplazo Tipo de ítem Koha
        Biblioteca del Ateneo de Madrid Biblioteca del Ateneo de Madrid Depósito 2 17/01/2008     L-15327 1008226 23/02/2023 23/02/2023 Libro impreso